Home Office

Nové uplatnenie telefónu v spojení s počítačom v kancelárskej technike. Zatiaľ najmodernejšia technológia zvyšuje efektivitu odstránením rutinných administratívnych prác. Integrovaný systém komunikačnej a výpočtovej techniky (osobný počítač s telefónmi, faxami a modemami) pracuje bez obsluhy. Možnos...

ver descrição completa

Na minha lista:
Detalhes bibliográficos
Autor principal: Bulan, J.
Formato: Capítulo de Livro
Idioma:tcheco
Assuntos:
Tags: Adicionar Tag
Sem tags, seja o primeiro a adicionar uma tag!

MARC

LEADER 00000naa a2200000 4500
001 r016931
005 20221208130851.8
041 0 |a cze 
044 |a CZ 
245 1 0 |a Home Office  |c J. Bulan 
520 |a Nové uplatnenie telefónu v spojení s počítačom v kancelárskej technike. Zatiaľ najmodernejšia technológia zvyšuje efektivitu odstránením rutinných administratívnych prác. Integrovaný systém komunikačnej a výpočtovej techniky (osobný počítač s telefónmi, faxami a modemami) pracuje bez obsluhy. Možnosti uplatnenia (automatizované informačné služby, virtuálna komunikácia). 
610 2 0 |a telekomunikácie 
610 2 0 |a technika výpočtová 
610 2 0 |a technika kancelárska 
610 2 0 |a telefón 
610 2 0 |a počítače osobné 
610 2 0 |a komunikácia 
100 1 |a Bulan, J.